[Event "Copenhagen Chess Challenge 2012"]
[Site "Ballerup"]
[Date "2012.??.??"]
[Round "2"]
[White "Tikkanen, Hans"]
[Black "Matthiesen, Martin"]
[Result "1/2-1/2"]
[WhiteElo "2566"]
[BlackElo "2310"]
[PlyCount "73"]
[EventDate "2012.??.??"]
[EventType "swiss"]
[EventRounds "9"]
[EventCountry "DEN"]

1. c4 g6 2. g3 Bg7 3. Bg2 d6 4. Nc3 c5 5. Nf3 Nc6 6. O-O Qd7 7. a3 b6 8. b4 Bb7
9. Qa4 Nf6 10. Bb2 O-O 11. d3 Rfd8 12. Rfc1 Ne8 13. Rab1 Nd4 14. Nxd4 Bxg2 15.
Qxd7 Rxd7 16. Nf5 Bb7 17. Nxg7 Kxg7 18. bxc5 bxc5 19. Ne4+ f6 20. Nd2 Bc6 21.
Nb3 a5 22. Bc3 Rda7 23. Nd2 a4 24. e3 Kf7 25. d4 e6 26. e4 cxd4 27. Bxd4 Rb7
28. Rxb7+ Bxb7 29. Rb1 Bc6 30. Rb6 Rc8 31. Ra6 e5 32. Bb6 Ra8 33. Rxa8 Bxa8 34.
f3 f5 35. exf5 gxf5 36. Kf2 d5 37. cxd5 1/2-1/2

[Event "Copenhagen Chess Challenge 2012"]
[Site "Ballerup"]
[Date "2012.??.??"]
[Round "2"]
[White "Stefansson, Hannes"]
[Black "Carstensen, Jacob"]
[Result "1-0"]
[WhiteElo "2516"]
[BlackElo "2305"]
[PlyCount "97"]
[EventDate "2012.??.??"]
[EventType "swiss"]
[EventRounds "9"]
[EventCountry "DEN"]

1. d4 Nf6 2. c4 e6 3. Nf3 b6 4. g3 Ba6 5. b3 Bb4+ 6. Bd2 Be7 7. Bg2 c6 8. Bc3
d5 9. Ne5 Nfd7 10. Nxd7 Nxd7 11. Nd2 Rc8 12. O-O O-O 13. e4 c5 14. exd5 exd5
15. dxc5 dxc4 16. c6 cxb3 17. Re1 Bb5 18. axb3 Bxc6 19. Bxc6 Rxc6 20. Rxa7 Rxc3
21. Nb1 Rc7 22. Rxc7 Qxc7 23. Rxe7 Rd8 24. Qd5 Qc1+ 25. Kg2 Rf8 26. Rxd7 Qxb1
27. Rd6 g6 28. Rxb6 Re8 29. Rb4 Qe1 30. Rd4 Re2 31. Rf4 Re6 32. h4 h5 33. b4
Qe5 34. Qxe5 Rxe5 35. Kf3 Re1 36. Re4 Rb1 37. Ke3 Rb2 38. Rf4 Kf8 39. Kd3 Ke7
40. Kc3 Rb1 41. Rd4 Ke6 42. Rd3 f6 43. f4 g5 44. fxg5 fxg5 45. hxg5 Kf5 46. Kc4
Kxg5 47. b5 Kg4 48. Rb3 Rc1+ 49. Kb4 1-0

[Event "Copenhagen Chess Challenge 2012"]
[Site "Ballerup"]
[Date "2012.??.??"]
[Round "2"]
[White "Sylvan, Jacob"]
[Black "Danielsen, Henrik"]
[Result "0-1"]
[WhiteElo "2310"]
[BlackElo "2498"]
[PlyCount "178"]
[EventDate "2012.??.??"]
[EventType "swiss"]
[EventRounds "9"]
[EventCountry "DEN"]

1. d4 Nf6 2. c4 g6 3. g3 Bg7 4. Bg2 O-O 5. Nc3 d6 6. Nf3 c6 7. O-O Qa5 8. h3 e5
9. e4 Nbd7 10. dxe5 Nxe5 11. Nxe5 dxe5 12. a3 Be6 13. b4 Qa6 14. c5 Rfd8 15.
Qc2 Qd3 16. Qb2 Nh5 17. Rd1 Qc4 18. Be3 f5 19. Bf1 Qb3 20. Qxb3 Bxb3 21. Rxd8+
Rxd8 22. Rb1 f4 23. Bc1 Be6 24. g4 Nf6 25. Rb2 Nd7 26. Rd2 Bf6 27. Bb2 Kf8 28.
Ne2 Ke7 29. Kg2 a5 30. Nc3 axb4 31. axb4 Ra8 32. Rd1 Bh4 33. Ra1 f3+ 34. Kg1
Rb8 35. Nd1 h5 36. Ne3 Bg5 37. Nc4 Bxc4 38. Bxc4 hxg4 39. hxg4 Bd2 40. Ra4 Rh8
41. Ra3 Rf8 42. Rd3 Bxb4 43. Rd6 Rf6 44. g5 Rxd6 45. cxd6+ Kxd6 46. Bf7 Nf8 47.
Kh2 Bd2 48. Kg3 Bxg5 49. Kxf3 b5 50. Be8 b4 51. Ke2 Bf4 52. Kd3 Kc5 53. Bf7 g5
54. f3 Nd7 55. Be6 Nb6 56. Bf7 Kd6 57. Kc2 Ke7 58. Bg8 Kf6 59. Kb3 c5 60. Ba1
Kg6 61. Bb2 Kh5 62. Be6 Kh4 63. Bf7 Kg3 64. Bh5 Kf2 65. Bg4 Ke3 66. Bh5 Kd3 67.
Bf7 Nc8 68. Bc4+ Ke3 69. Be6 Nd6 70. Bg4 Kd3 71. Be6 Ne8 72. Bc4+ Kd2 73. Bf7
Nd6 74. Be6 Ke2 75. Bg4 Kf2 76. Ba1 Kg3 77. Bh5 Kh4 78. Bg6 g4 79. fxg4 Kxg4
80. Bh7 Kg5 81. Bb2 Kf6 82. Bg8 Be3 83. Bd5 Bh6 84. Ka4 Bf4 85. Kb3 Kg5 86. Ka4
Kg4 87. Kb3 Kf3 88. Ka4 Ke3 89. Kb3 Kd3 0-1

[Event "Copenhagen Chess Challenge 2012"]
[Site "Ballerup"]
[Date "2012.??.??"]
[Round "2"]
[White "Brynell, Stellan"]
[Black "Hove, Esben Kjems"]
[Result "1-0"]
[WhiteElo "2489"]
[BlackElo "2247"]
[PlyCount "133"]
[EventDate "2012.??.??"]
[EventType "swiss"]
[EventRounds "9"]
[EventCountry "DEN"]

1. d4 d5 2. Nf3 c6 3. c4 Nf6 4. Nc3 dxc4 5. a4 Bf5 6. Ne5 Nbd7 7. Nxc4 Nb6 8.
Ne5 a5 9. e3 Nfd7 10. Nxf7 Kxf7 11. Qf3 e6 12. g4 Qf6 13. gxf5 exf5 14. Bd3 g6
15. Bd2 Bb4 16. Bc2 Rae8 17. Bb3+ Ke7 18. O-O-O Kd8 19. h4 Kc8 20. Qg3 Qe7 21.
h5 g5 22. h6 Rhf8 23. Rde1 Qd8 24. f3 Qf6 25. Rhg1 f4 26. exf4 Qxd4 27. Rxe8+
Rxe8 28. Re1 Rxe1+ 29. Qxe1 gxf4 30. Qe8+ Kc7 31. Qf7 Bxc3 32. bxc3 Qg1+ 33.
Kc2 Kb8 34. Qxh7 Ka7 35. Qg8 Qf2 36. h7 Nf6 37. Qg6 Qh4 38. Bg8 Nbd5 39. Qg7
Nxh7 40. Qxh7 Qg5 41. Bxd5 Qxd5 42. Qe4 Qa2+ 43. Kd1 Qb3+ 44. Ke2 c5 45. Qxf4
Qg8 46. Qe4 b6 47. f4 Qg4+ 48. Kd3 Qd1 49. f5 c4+ 50. Qxc4 Qf1+ 51. Kd4 Qxf5
52. Qc7+ Ka6 53. Qc4+ Ka7 54. Qc7+ Ka6 55. Bf4 Qf6+ 56. Qe5 Qd8+ 57. Kc4 Qd1
58. Qb5+ Ka7 59. Be5 Qf1+ 60. Kd5 Qf3+ 61. Kd6 Qf8+ 62. Kd7 Qf7+ 63. Kd8 Qf8+
64. Qe8 Qf3 65. Qd7+ Ka6 66. Qc8+ Ka7 67. Bb8+ 1-0

[Event "Copenhagen Chess Challenge 2012"]
[Site "Ballerup"]
[Date "2012.??.??"]
[Round "2"]
[White "Akdag, Dara"]
[Black "Haub, Thorsten Michael"]
[Result "1/2-1/2"]
[WhiteElo "2264"]
[BlackElo "2476"]
[PlyCount "150"]
[EventDate "2012.??.??"]
[EventType "swiss"]
[EventRounds "9"]
[EventCountry "DEN"]

1. g3 g6 2. Bg2 Bg7 3. c4 f5 4. Nc3 Nf6 5. d3 Nc6 6. e3 O-O 7. Nge2 d6 8. O-O
Be6 9. Rb1 Bf7 10. b4 Qd7 11. b5 Nd8 12. Nd5 a6 13. a4 axb5 14. axb5 e5 15.
Nec3 Nxd5 16. Nxd5 Ne6 17. Bd2 Kh8 18. Qc2 g5 19. f4 gxf4 20. gxf4 Bg6 21. Bc3
Rg8 22. Kh1 Rab8 23. Qd2 c6 24. Nb6 Qe8 25. d4 cxb5 26. Rxb5 e4 27. Rfb1 Nc7
28. Ra5 Qf7 29. Bf1 Bh5 30. Be2 Bf6 31. Rxf5 Qg6 32. Rg5 Bxe2 33. Rxg6 Bf3+ 34.
Rg2 Rg7 35. Kg1 Bxg2 36. Qxg2 h5 37. Nd7 Rbg8 38. Nxf6 Rxg2+ 39. Kh1 Rc2 40.
Nxg8 Kxg8 41. Rb3 h4 42. h3 b5 43. cxb5 Nxb5 44. Ba5 Na7 45. Bd8 Nc6 46. Bxh4
Na5 47. Rb1 Nc4 48. Re1 d5 49. Bg3 Kf7 50. Kg1 Nd2 51. Re2 Nf3+ 52. Kf2 Rc1 53.
Ra2 Rb1 54. h4 Kg6 55. Kg2 Kf5 56. Bf2 Kg4 57. h5 Kxh5 58. Ra5 Kg4 59. Rxd5 Rb2
60. Rd8 Nh4+ 61. Kg1 Rb1+ 62. Kh2 Rb2 63. Rg8+ Kf3 64. Kh3 Nf5 65. Rg5 Rxf2 66.
Rxf5 Kxe3 67. d5 Kf3 68. d6 Rd2 69. Kh4 Rxd6 70. Kg5 e3 71. Re5 Rd4 72. f5 Rg4+
73. Kh5 Re4 74. Rxe4 Kxe4 75. f6 e2 1/2-1/2

[Event "Copenhagen Chess Challenge 2012"]
[Site "Ballerup"]
[Date "2012.??.??"]
[Round "2"]
[White "Andersen, Mads"]
[Black "Haubro, Sigfred"]
[Result "1-0"]
[WhiteElo "2431"]
[BlackElo "2135"]
[PlyCount "101"]
[EventDate "2012.??.??"]
[EventType "swiss"]
[EventRounds "9"]
[EventCountry "DEN"]

1. e4 d5 2. exd5 Qxd5 3. Nc3 Qa5 4. d4 Nf6 5. Nf3 c6 6. Bc4 Bg4 7. h3 Bxf3 8.
Qxf3 e6 9. Bd2 Qc7 10. O-O-O Nbd7 11. g4 Nb6 12. Bb3 O-O-O 13. g5 Ne8 14. Ne4
Nd6 15. Bf4 Nd5 16. Be5 Qd7 17. Nxd6+ Bxd6 18. c4 Nc7 19. Bxg7 Rhg8 20. Bf6 Be7
21. Bc2 Bxf6 22. Qxf6 Rh8 23. f4 Qd6 24. Qe5 Qb4 25. Qe2 h6 26. a3 Qa5 27. Qe3
b5 28. Qe5 Qa6 29. c5 b4 30. axb4 Qa1+ 31. Bb1 hxg5 32. fxg5 Rh4 33. Rd3 Nb5
34. Rhd1 Rd5 35. Qg7 Rf4 36. g6 fxg6 37. Qg8+ Kc7 38. Qxg6 e5 39. Qh7+ Kc8 40.
Rg3 Rf8 41. Qh6 Rf2 42. Qxc6+ Nc7 43. Rg8+ Rd8 44. Rxd8+ Kxd8 45. dxe5+ Kc8 46.
Qd7+ Kb7 47. Qd4 Rh2 48. e6 Rxh3 49. e7 Rh2 50. Qe4+ Ka6 51. Qc6# 1-0

[Event "Copenhagen Chess Challenge 2012"]
[Site "Ballerup"]
[Date "2012.??.??"]
[Round "2"]
[White "Minko, Vladimir"]
[Black "Bromann, Thorbjorn"]
[Result "1/2-1/2"]
[WhiteElo "2188"]
[BlackElo "2411"]
[PlyCount "22"]
[EventDate "2012.??.??"]
[EventType "swiss"]
[EventRounds "9"]
[EventCountry "DEN"]

1. d4 e6 2. c4 f5 3. g3 Nf6 4. Bg2 c6 5. Nd2 Be7 6. e4 fxe4 7. Nxe4 O-O 8.
Nxf6+ Bxf6 9. Nf3 d6 10. O-O Nd7 11. Bf4 e5 1/2-1/2

[Event "Copenhagen Chess Challenge 2012"]
[Site "Ballerup"]
[Date "2012.??.??"]
[Round "2"]
[White "Brondt, Nicolai Kvist"]
[Black "Fries Nielsen, Jens Ove"]
[Result "0-1"]
[WhiteElo "2138"]
[BlackElo "2363"]
[PlyCount "68"]
[EventDate "2012.??.??"]
[EventType "swiss"]
[EventRounds "9"]
[EventCountry "DEN"]

1. d4 g6 2. g3 Bg7 3. Bg2 c5 4. c3 Qc7 5. Nf3 d6 6. O-O Nf6 7. Re1 O-O 8. e4
Nc6 9. d5 Ne5 10. Nxe5 dxe5 11. Qe2 Ne8 12. Be3 Nd6 13. Nd2 Bd7 14. b3 f5 15.
f3 f4 16. Bf2 h5 17. a4 Bh6 18. Nc4 Nf7 19. Rad1 Rad8 20. Rd3 b5 21. Na3 bxa4
22. b4 cxb4 23. cxb4 Nd6 24. Qb2 Rc8 25. Bf1 fxg3 26. Bxg3 Nf7 27. b5 Qd6 28.
Rb1 Qf6 29. b6 axb6 30. Qxb6 Qxb6+ 31. Rxb6 Rc1 32. Kg2 Ng5 33. Be2 Bh3+ 34.
Kf2 Nxe4# 0-1

[Event "Copenhagen Chess Challenge 2012"]
[Site "Ballerup"]
[Date "2012.??.??"]
[Round "2"]
[White "Percivaldi, Martin"]
[Black "Hagen, Andreas Skytte"]
[Result "1/2-1/2"]
[WhiteElo "1938"]
[BlackElo "2445"]
[PlyCount "166"]
[EventDate "2012.??.??"]
[EventType "swiss"]
[EventRounds "9"]
[EventCountry "DEN"]

1. d4 d5 2. c4 e6 3. Nf3 Nf6 4. e3 Be7 5. b3 O-O 6. Bb2 Nbd7 7. Nc3 b6 8. Be2
Bb7 9. O-O a6 10. Rc1 Bd6 11. cxd5 exd5 12. Qc2 Re8 13. Rfe1 Rc8 14. Bd3 Ne4
15. Qe2 Ra8 16. Nb1 Qe7 17. Nbd2 f5 18. Nf1 Kh8 19. N3d2 Ndf6 20. f3 Nxd2 21.
Qxd2 Qd7 22. Qc2 g6 23. Re2 Kg8 24. Rce1 Re6 25. Qc1 Qe7 26. Nd2 Bb4 27. a3 Bd6
28. Nf1 Re8 29. a4 Kg7 30. Bc3 a5 31. Qd2 Ra8 32. g3 Ba6 33. Bxa6 Rxa6 34. Qd3
Ra8 35. Nd2 Re8 36. Kg2 Kf7 37. Kf2 Qd7 38. Kg2 Bf8 39. Nf1 Bh6 40. Bd2 R8e7
41. Kf2 Kg8 42. Bc1 Rf7 43. Kg2 Bf8 44. Bd2 Re8 45. Rc1 Ba3 46. Rc2 Bd6 47. Bc1
g5 48. Nd2 g4 49. fxg4 fxg4 50. e4 Nxe4 51. Nxe4 Rxe4 52. Rxe4 dxe4 53. Qxe4
Qf5 54. Qxf5 Rxf5 55. Rf2 Rd5 56. Be3 Kg7 57. Kf1 Kg6 58. Ke2 Rf5 59. Rxf5 Kxf5
60. Kd3 h5 61. Bf2 h4 62. Be1 h3 63. Bf2 Bb4 64. Ke3 c6 65. Kd3 Bd6 66. Bg1 c5
67. dxc5 bxc5 68. Bf2 Ke5 69. Bg1 Kd5 70. Bf2 Be5 71. Bg1 Bd4 72. Be3 Be5 73.
Bg1 Bb2 74. Bf2 Bf6 75. Bg1 Bd8 76. Bf2 Bb6 77. Bg1 Ke5 78. Be3 Kd5 79. Bg1 Bc7
80. Bf2 Be5 81. Bg1 Bd4 82. Be3 Be5 83. Bg1 Bd4 1/2-1/2

[Event "Copenhagen Chess Challenge 2012"]
[Site "Ballerup"]
[Date "2012.??.??"]
[Round "2"]
[White "Pallesen, Jacob"]
[Black "Teplyi, Igor"]
[Result "0-1"]
[WhiteElo "1985"]
[BlackElo "2388"]
[PlyCount "68"]
[EventDate "2012.??.??"]
[EventType "swiss"]
[EventRounds "9"]
[EventCountry "DEN"]

1. d4 Nf6 2. Nf3 g6 3. c4 Bg7 4. Nc3 d5 5. cxd5 Nxd5 6. Qb3 Nxc3 7. bxc3 c5 8.
e3 O-O 9. Be2 Nc6 10. O-O b6 11. a4 Be6 12. Qb1 Na5 13. Nd2 Rc8 14. Ba3 Bf5 15.
Bd3 Bxd3 16. Qxd3 Qd7 17. Qb5 Rfd8 18. Nf3 Nb7 19. Rac1 Nd6 20. Qxd7 Rxd7 21.
Bb2 Rdc7 22. Nd2 cxd4 23. exd4 e5 24. Nf3 Nc4 25. Ba1 e4 26. Nh4 Nd2 27. Rfd1
Nb3 28. Rb1 Nxa1 29. Rxa1 Rxc3 30. g3 R3c4 31. Ng2 Bxd4 32. Ra2 Rc1 33. Rad2
Rxd1+ 34. Rxd1 Rc4 0-1

[Event "Copenhagen Chess Challenge 2012"]
[Site "Ballerup"]
[Date "2012.??.??"]
[Round "2"]
[White "Nielsen, Klaus"]
[Black "Ulrich, Thomas"]
[Result "1/2-1/2"]
[WhiteElo "2092"]
[BlackElo "1933"]
[PlyCount "124"]
[EventDate "2012.??.??"]
[EventType "swiss"]
[EventRounds "9"]
[EventCountry "DEN"]

1. d4 Nf6 2. Nf3 e6 3. e3 c5 4. Bd3 b6 5. O-O Bb7 6. Nbd2 Nc6 7. b3 cxd4 8.
exd4 Nb4 9. Be2 Nbd5 10. Nb1 Bb4 11. Qd3 Qc7 12. a3 Bd6 13. g3 Ne7 14. Nbd2 Nf5
15. Bb2 h5 16. Ne5 Ng4 17. Bf3 f6 18. Nxg4 hxg4 19. Bxb7 Qxb7 20. Nc4 Ke7 21.
Nxd6 Nxd6 22. f3 Rh6 23. Rae1 Rah8 24. Re2 gxf3 25. Qxf3 Qxf3 26. Rxf3 Rh5 27.
a4 Kf7 28. Bc1 Rf5 29. Rc3 Rc8 30. Rxc8 Nxc8 31. g4 Rf3 32. Kg2 Rc3 33. Bb2 Rc7
34. c4 d6 35. Ba3 Rd7 36. Kf3 Ne7 37. h3 Nc6 38. Ke3 Na5 39. Rb2 Rd8 40. Kd3
Nb7 41. b4 Rh8 42. Rh2 Ke7 43. h4 Kd7 44. h5 Rf8 45. Bc1 a6 46. Be3 Kc6 47. b5+
axb5 48. axb5+ Kc7 49. Ra2 Na5 50. Bd2 Ra8 51. c5 dxc5 52. dxc5 Rd8+ 53. Ke4
Nb3 54. Be3 Nxc5+ 55. Bxc5 bxc5 56. Ra6 Rd4+ 57. Kf3 Rd6 58. Ra7+ Kb6 59. Rxg7
Rd1 60. Ke2 Rg1 61. Kf2 Rd1 62. Ke2 Rg1 1/2-1/2

[Event "Copenhagen Chess Challenge 2012"]
[Site "Ballerup"]
[Date "2012.??.??"]
[Round "2"]
[White "Knudsen, Jes West"]
[Black "Haubro, Martin"]
[Result "0-1"]
[WhiteElo "1890"]
[BlackElo "2092"]
[PlyCount "52"]
[EventDate "2012.??.??"]
[EventType "swiss"]
[EventRounds "9"]
[EventCountry "DEN"]

1. e4 g6 2. Bc4 Bg7 3. h4 h5 4. Qf3 e6 5. c3 c6 6. d4 d5 7. Bd3 dxe4 8. Bxe4
Nd7 9. Bg5 Qc7 10. Nd2 Ngf6 11. Bc2 O-O 12. O-O-O e5 13. Qg3 Nd5 14. c4 Nf4 15.
Ndf3 Ne6 16. d5 cxd5 17. cxd5 Nf4 18. Be7 Re8 19. Kb1 Qc4 20. d6 Nc5 21. Nd2
Qb5 22. Ne4 Nxe4 23. Bxe4 Be6 24. Nh3 Qc4 25. Bc2 Qxa2+ 26. Kc1 Ne2+ 0-1

[Event "Copenhagen Chess Challenge 2012"]
[Site "Ballerup"]
[Date "2012.??.??"]
[Round "2"]
[White "Jakobcic, Oliver"]
[Black "Rydstrom, Tom"]
[Result "0-1"]
[WhiteElo "1855"]
[BlackElo "2037"]
[PlyCount "48"]
[EventDate "2012.??.??"]
[EventType "swiss"]
[EventRounds "9"]
[EventCountry "DEN"]

1. e4 e5 2. Nf3 Nc6 3. Bb5 a6 4. Ba4 Nf6 5. O-O Be7 6. Re1 b5 7. Bb3 O-O 8. c3
d6 9. h3 Na5 10. Bc2 c5 11. d4 cxd4 12. cxd4 Qc7 13. Nbd2 Nc6 14. Nb3 a5 15.
Be3 a4 16. Nbd2 Bd7 17. Rc1 Qb7 18. Nf1 Rfe8 19. g4 h6 20. Ng3 Bd8 21. Kh2 Bb6
22. Nf5 Bxf5 23. exf5 exd4 24. Nxd4 Nxd4 0-1

[Event "Copenhagen Chess Challenge 2012"]
[Site "Ballerup"]
[Date "2012.??.??"]
[Round "2"]
[White "Skovgaard, Ib"]
[Black "Petrovski, Petruli"]
[Result "1-0"]
[WhiteElo "2035"]
[BlackElo "1879"]
[PlyCount "97"]
[EventDate "2012.??.??"]
[EventType "swiss"]
[EventRounds "9"]
[EventCountry "DEN"]

1. e4 c5 2. Nf3 d6 3. d4 cxd4 4. Nxd4 Nf6 5. Nc3 Bd7 6. Bc4 e6 7. Bb3 Be7 8.
O-O a6 9. f4 Nc6 10. Be3 Qc7 11. f5 e5 12. Ne6 fxe6 13. fxe6 O-O-O 14. Rxf6
gxf6 15. Nd5 Qb8 16. Nb6+ Kc7 17. Nxd7 Rxd7 18. exd7 Kxd7 19. Bb6 h5 20. Qd5
Rf8 21. c3 Ke8 22. Qe6 Nd8 23. Ba4+ Nc6 24. Bd1 Rh8 25. Bxh5+ Rxh5 26. Qg8+ Kd7
27. Qg4+ f5 28. Qxh5 f4 29. Qg4+ Ke8 30. Qg8+ Kd7 31. Qxb8 Nxb8 32. Kf2 Kc6 33.
Ba7 Nd7 34. a4 b6 35. a5 bxa5 36. Kf3 Kb5 37. b3 Nf6 38. Bf2 Nh7 39. h4 Bd8 40.
Rd1 Bc7 41. Be1 Kc6 42. c4 Bd8 43. Ra1 Kc5 44. Bxa5 Be7 45. Be1 Kb6 46. Kg4
Nf6+ 47. Kf5 Ng8 48. Ke6 Bd8 49. Ba5+ 1-0

[Event "Copenhagen Chess Challenge 2012"]
[Site "Ballerup"]
[Date "2012.??.??"]
[Round "2"]
[White "Bendixen, Daniel"]
[Black "Yildiz, Hasan"]
[Result "0-1"]
[WhiteElo "1837"]
[BlackElo "2032"]
[PlyCount "90"]
[EventDate "2012.??.??"]
[EventType "swiss"]
[EventRounds "9"]
[EventCountry "DEN"]

1. e4 d6 2. Bc4 Nf6 3. Nc3 g6 4. d3 Bg7 5. Nge2 O-O 6. O-O e5 7. Bg5 h6 8. Bh4
c6 9. a4 a5 10. Kh1 Kh7 11. f3 Na6 12. Bf2 Nc7 13. Bb6 Nfe8 14. Qd2 Qe7 15. Na2
d5 16. Bb3 Ra6 17. Bxa5 b6 18. Bb4 c5 19. Ba3 d4 20. c3 Bd7 21. cxd4 exd4 22.
Nac1 Nd6 23. Qc2 Rfa8 24. f4 Bxa4 25. Bxa4 Rxa4 26. Nb3 Ncb5 27. Nxc5 bxc5 28.
Qxc5 R8a5 29. e5 Nxa3 30. exd6 Qxe2 31. Qc8 Nc2 32. Rac1 Ra1 33. h3 Rxc1 34.
Rxc1 Ne3 35. Qb7 Rd5 36. Rg1 Rxd6 37. Qxf7 Qxb2 38. g4 Rf6 39. Qc7 Qb6 40. Qe5
Qb7+ 41. Kh2 Rc6 42. Qe8 Rc2+ 43. Kg3 Rg2+ 44. Kh4 Bf6+ 45. g5 Nf5# 0-1

[Event "Copenhagen Chess Challenge 2012"]
[Site "Ballerup"]
[Date "2012.??.??"]
[Round "2"]
[White "Vesterli, Michael E"]
[Black "Schmidt, Horst Hubert"]
[Result "1-0"]
[WhiteElo "2030"]
[BlackElo "1850"]
[PlyCount "97"]
[EventDate "2012.??.??"]
[EventType "swiss"]
[EventRounds "9"]
[EventCountry "DEN"]

1. d4 d5 2. c4 e6 3. Nf3 Nf6 4. Nc3 Be7 5. Bg5 Nbd7 6. e3 O-O 7. Bd3 dxc4 8.
Bxc4 c6 9. O-O h6 10. Bh4 Nb6 11. Bd3 Nbd5 12. a3 a5 13. Rc1 Nxc3 14. bxc3 Bxa3
15. Rb1 Be7 16. e4 b5 17. Bc2 a4 18. Qd3 Ba6 19. e5 b4 20. exf6 Bxd3 21. fxe7
Qd5 22. exf8=Q+ Kxf8 23. Bxd3 b3 24. Nd2 Qa5 25. Rfc1 Rb8 26. Nc4 Qa7 27. Bg3
Rd8 28. Ra1 c5 29. Bf1 cxd4 30. cxd4 Rxd4 31. Nb2 Qd7 32. Rc7 Qe8 33. Rb7 Qc6
34. Rc7 Qe8 35. Rc4 Qd7 36. Rcxa4 Rxa4 37. Rxa4 Qd2 38. Nc4 Qc2 39. Bd6+ Kg8
40. Rb4 f6 41. h3 g5 42. Rb7 h5 43. Be7 Qc3 44. Ba3 e5 45. Nd6 Qe1 46. Ne8 Qb1
47. Nxf6+ Kh8 48. Bf8 b2 49. Bg7# 1-0

[Event "Copenhagen Chess Challenge 2012"]
[Site "Ballerup"]
[Date "2012.??.??"]
[Round "2"]
[White "Kuntz, Lene"]
[Black "Jorgensen, Carina Eilegaard"]
[Result "0-1"]
[WhiteElo "1701"]
[BlackElo "2028"]
[PlyCount "72"]
[EventDate "2012.??.??"]
[EventType "swiss"]
[EventRounds "9"]
[EventCountry "DEN"]

1. e4 d5 2. exd5 Nf6 3. Nf3 Nxd5 4. Bc4 g6 5. O-O Bg7 6. d4 O-O 7. c3 Nc6 8.
Re1 h6 9. Nbd2 Bf5 10. Nh4 e6 11. Nxf5 exf5 12. Nb3 b6 13. Qf3 Nce7 14. Qh3 Kh7
15. Bg5 Nf6 16. Qh4 Qd6 17. Re3 Ned5 18. Rh3 h5 19. Bd3 c6 20. Nd2 b5 21. Nf1
Kg8 22. Ng3 f4 23. Ne4 Nxe4 24. Bxe4 Rfe8 25. Bxd5 Qxd5 26. Rf3 Re2 27. Rxf4
Rae8 28. Rf1 Rxb2 29. Rf3 Rxa2 30. Re3 Rxe3 31. Bxe3 a5 32. Qe7 a4 33. Qb4 Bf8
34. Qa5 Re2 35. Qa8 Qd7 36. Bh6 Re8 0-1

[Event "Copenhagen Chess Challenge 2012"]
[Site "Ballerup"]
[Date "2012.??.??"]
[Round "2"]
[White "Olsen, Michael Richard W"]
[Black "Leosson, Atli Johann"]
[Result "0-1"]
[WhiteElo "2023"]
[BlackElo "1715"]
[PlyCount "62"]
[EventDate "2012.??.??"]
[EventType "swiss"]
[EventRounds "9"]
[EventCountry "DEN"]

1. e4 e5 2. Nf3 d6 3. h3 Be7 4. d4 exd4 5. Nxd4 Nf6 6. Nc3 Nc6 7. Be3 a6 8. Be2
h6 9. Qd2 Nxd4 10. Qxd4 b5 11. Bf3 Bb7 12. O-O O-O 13. Rad1 Nh7 14. Nd5 Bxd5
15. Qxd5 Qd7 16. e5 Rad8 17. c4 bxc4 18. Qxc4 Qb5 19. Qxc7 Qxe5 20. Rd5 Qe6 21.
Ra5 d5 22. Qb7 d4 23. Rxa6 Qe5 24. Bf4 Qxf4 25. Qxe7 Ng5 26. Bc6 d3 27. Qe1 d2
28. Qd1 Qc4 29. Bb7 Qb5 30. Ra7 Qb6 31. Qa4 d1=Q 0-1

[Event "Copenhagen Chess Challenge 2012"]
[Site "Ballerup"]
[Date "2012.??.??"]
[Round "2"]
[White "Skovle, Lars"]
[Black "Tandrup, Michael"]
[Result "0-1"]
[WhiteElo "1621"]
[BlackElo "1967"]
[PlyCount "118"]
[EventDate "2012.??.??"]
[EventType "swiss"]
[EventRounds "9"]
[EventCountry "DEN"]

1. e4 d5 2. d4 e6 3. Bd3 dxe4 4. Bxe4 Nf6 5. Bf3 c5 6. Ne2 Nc6 7. Bxc6+ bxc6 8.
O-O Ba6 9. Re1 cxd4 10. Nxd4 c5 11. Nf3 Qxd1 12. Rxd1 Be2 13. Re1 Bxf3 14. gxf3
Bd6 15. Nc3 O-O 16. Be3 Rab8 17. Na4 Rfc8 18. c4 Kf8 19. b3 Ke7 20. Rad1 Nd7
21. Rd2 f5 22. Red1 Rc6 23. f4 Rb7 24. f3 a6 25. h4 e5 26. fxe5 Bxe5 27. Bg5+
Bf6 28. Re2+ Kf7 29. Red2 Bd4+ 30. Kf1 Ne5 31. Re2 Nxf3 32. Kg2 Nxg5 33. hxg5
Rg6 34. Kf3 Rxg5 35. Rde1 Rg6 36. Nb2 Bxb2 37. Rxb2 Re6 38. Rbe2 Rbe7 39. Rxe6
Rxe6 40. Rd1 Rc6 41. Kf4 Kf6 42. Rd5 g5+ 43. Kf3 h5 44. Rd8 f4 45. Rd5 a5 46.
Rd8 Re6 47. Rd5 Re3+ 48. Kf2 Re5 49. Rd6+ Kf5 50. Ra6 g4 51. Rxa5 g3+ 52. Kf1
Kg4 53. b4 Re3 54. Rxc5 Kf3 55. Rg5 h4 56. b5 h3 57. b6 g2+ 58. Kg1 Re1+ 59.
Kh2 Rh1# 0-1

[Event "Copenhagen Chess Challenge 2012"]
[Site "Ballerup"]
[Date "2012.??.??"]
[Round "2"]
[White "Johansen, Johnny Holler"]
[Black "Svane, Frederik"]
[Result "1-0"]
[WhiteElo "1967"]
[BlackElo "1682"]
[PlyCount "65"]
[EventDate "2012.??.??"]
[EventType "swiss"]
[EventRounds "9"]
[EventCountry "DEN"]

1. e4 c5 2. Nf3 Nc6 3. d4 cxd4 4. Nxd4 Nf6 5. Nc3 e5 6. Ndb5 d6 7. a4 Be7 8.
Bc4 Be6 9. Na3 O-O 10. O-O Rc8 11. Be3 Qd7 12. f3 Rfd8 13. Nd5 h6 14. Bb5 b6
15. c3 Qe8 16. Nc2 Kh7 17. Qd2 h5 18. Rfd1 Qf8 19. Bxc6 Rxc6 20. Ncb4 Rcc8 21.
a5 Bxd5 22. exd5 bxa5 23. Rxa5 Rd7 24. Rxa7 Rxa7 25. Bxa7 Ra8 26. Be3 Ra5 27.
Qc2+ Kh8 28. c4 Nd7 29. Qf5 Nf6 30. Nc6 Ra2 31. Bg5 Rxb2 32. Ra1 Kg8 33. Nxe7+
1-0

[Event "Copenhagen Chess Challenge 2012"]
[Site "Ballerup"]
[Date "2012.??.??"]
[Round "2"]
[White "Kokholm, Daniel"]
[Black "Kallenbach, Uffe"]
[Result "1-0"]
[WhiteElo "1925"]
[BlackElo "1643"]
[PlyCount "59"]
[EventDate "2012.??.??"]
[EventType "swiss"]
[EventRounds "9"]
[EventCountry "DEN"]

1. d4 Nf6 2. Nc3 d5 3. e4 dxe4 4. f3 exf3 5. Nxf3 c6 6. Bd3 Bg4 7. Be3 Nbd7 8.
h3 Bh5 9. g4 Bg6 10. Bc4 e6 11. Qe2 Bb4 12. O-O Bxc3 13. bxc3 Ne4 14. Qe1 Qc7
15. Kg2 Nb6 16. Bd3 O-O-O 17. Ne5 f5 18. Bf4 Qe7 19. Rb1 Nd5 20. Bh2 Nexc3 21.
Nxc6 bxc6 22. Rb8+ Kd7 23. Rb7+ Ke8 24. Rxe7+ Kxe7 25. gxf5 Bf7 26. fxe6 Bg6
27. Bxg6 hxg6 28. Rf7+ Ke8 29. Be5 Nb5 30. c4 1-0

[Event "Copenhagen Chess Challenge 2012"]
[Site "Ballerup"]
[Date "2012.??.??"]
[Round "2"]
[White "Einarsson, Oskar Long"]
[Black "Hansen, Rasmus Agertoft"]
[Result "0-1"]
[WhiteElo "1591"]
[BlackElo "1923"]
[PlyCount "48"]
[EventDate "2012.??.??"]
[EventType "swiss"]
[EventRounds "9"]
[EventCountry "DEN"]

1. e4 c6 2. d4 d5 3. e5 Bf5 4. Nf3 e6 5. Be2 Nd7 6. O-O Ne7 7. Nh4 Bg6 8. f4
Qb6 9. Nxg6 hxg6 10. Nc3 Nf5 11. Na4 Qxd4+ 12. Qxd4 Nxd4 13. Bd3 b5 14. Nc3 Bc5
15. Kh1 Ke7 16. Be3 Bb6 17. Bg1 Nf5 18. Bxb6 Ng3+ 19. Kg1 Nxf1 20. Rxf1 Nxb6
21. b3 a6 22. Ne2 c5 23. c3 Rad8 24. g4 Rh4 0-1

[Event "Copenhagen Chess Challenge 2012"]
[Site "Ballerup"]
[Date "2012.??.??"]
[Round "2"]
[White "Andersen, Daniel"]
[Black "Nielsen, Thomas (1994)"]
[Result "0-1"]
[WhiteElo "1895"]
[BlackElo "1616"]
[PlyCount "80"]
[EventDate "2012.??.??"]
[EventType "swiss"]
[EventRounds "9"]
[EventCountry "DEN"]

1. c4 e6 2. d4 Nf6 3. Nc3 c6 4. e4 d5 5. e5 Nfd7 6. Bd3 dxc4 7. Bxc4 Nb6 8. Bb3
N8d7 9. Nf3 Be7 10. Qd3 Nd5 11. Nxd5 exd5 12. Bc2 Bb4+ 13. Bd2 Bxd2+ 14. Nxd2
Nb6 15. O-O Be6 16. a4 Qd7 17. b3 g6 18. a5 Nc8 19. a6 b6 20. b4 Bf5 21. Qc3
Bxc2 22. Qxc2 Ne7 23. Rfc1 Rc8 24. Nf1 O-O 25. Ne3 f5 26. f4 b5 27. h3 Rc7 28.
Kf1 Nc8 29. Nd1 Nb6 30. Nb2 Nc4 31. Ke2 Qe7 32. Nd3 Qh4 33. Rf1 Qg3 34. Rf3
Qxg2+ 35. Nf2 Re8 36. h4 Rce7 37. Rh1 Nd6 38. Qxc6 Ne4 39. Qxd5+ Kh8 40. Rf1
Nc3+ 0-1